US Geography 1 - Statistics

General Stats
  • This quiz has been taken 34 times
  • The average score is 12 of 15
Answer Stats
Question Answer % Correct
Which landmark can you visit in San Francisco? Golden Gate Bridge
100%
Washington D.C. stands for District of ______________. Columbia
97%
Which city was formerly called New Amsterdam? New York
97%
What is Hawaii’s most populous island? Oahu
97%
Which state is completely surrounded by land? Kansas
94%
Which lake is one of the Great Lakes? Lake Huron
94%
What is the capital of New Mexico? Santa Fe
91%
Olympia is the capital of what state? Washington
91%
What is the highest mountain in the U.S.? Denali
88%
Which state borders Canada? Maine
82%
Which national park is in Wyoming? Yellowstone
82%
The Loop is a business district in which city? Chicago
74%
MT is the abbreviation of what state? Montana
74%
“Live Free or Die” is the motto of which state? New Hampshire
56%
Which US highway stretches east-west, coast to coast? US 20
26%
No matching quizzes found
Score Distribution
Percent of People with Each Score
Percentile by Number Answered
Your Score History
You have not taken this quiz